[Event "Torneo de Benidorm sub 2300 2019"]
[Site "Benidorm ESP"]
[Date "2019.11.30"]
[Round "2.3"]
[White "Dias, Vanderson"]
[Black "Chernikov, Vladimir"]
[Result "0-1"]
[WhiteElo "2104"]
[BlackElo "2272"]
[PlyCount "138"]
[EventDate "2019.11.29"]
[EventType "swiss"]
[EventRounds "10"]
[EventCountry "ESP"]
[SourceTitle "Ajedrez en Madrid"]
[Source "lmi"]
[SourceDate "2019.11.30"]
[SourceVersion "1"]
[SourceVersionDate "2019.12.08"]
[SourceQuality "1"]

1. e4 c5 2. Nf3 Nc6 3. d4 cxd4 4. Nxd4 e5 5. Nb3 Nf6 6. Bg5 Bb4+ 7. c3 Be7 8.
Bxf6 Bxf6 9. Bc4 O-O 10. O-O d6 11. Qe2 Kh8 12. Na3 a6 13. Nc2 Bg5 14. Ne3 Ne7
15. Rad1 f5 16. Nxf5 Nxf5 17. exf5 Bxf5 18. Bd3 Qb6 19. Bxf5 Rxf5 20. Qd3 Raf8
21. Qxd6 Qxd6 22. Rxd6 Be3 23. Kh1 Rxf2 24. Rxf2 Bxf2 25. Re6 Ba7 26. g3 Rf1+
27. Kg2 Rf2+ 28. Kh3 h6 29. Rxe5 Rxb2 30. Re7 Bg1 31. Rxb7 Rxh2+ 32. Kg4 Rxa2
33. Kf5 Rf2+ 34. Ke4 Re2+ 35. Kf3 Rc2 36. Rc7 Kh7 37. Rc6 Ra2 38. Nc1 Rf2+ 39.
Ke4 Bh2 40. Rxa6 Bxg3 41. Ra2 Rf4+ 42. Ke3 Rf7 43. Ne2 Bf2+ 44. Ke4 g5 45. Ra5
Kg6 46. c4 Kh5 47. c5 Kg4 48. c6 Re7+ 49. Kd3 h5 50. Nc3 Re3+ 51. Kd2 Re6 52.
c7 Rc6 53. Ne4 Bb6 54. Rxg5+ Kf4 55. Rg6 Ba5+ 56. Ke2 Rc2+ 57. Kd3 Rxc7 58. Rh6
Rd7+ 59. Rd6 Rxd6+ 60. Nxd6 h4 61. Ke2 h3 62. Kf1 Bb6 63. Nc4 Kg3 64. Nd2 Kf4
65. Nc4 Bd4 66. Nd2 Be3 67. Nc4 Kg3 68. Nxe3 h2 69. Nf5+ Kh3 0-1

[Event "Torneo de Benidorm sub 2300 2019"]
[Site "Benidorm ESP"]
[Date "2019.11.30"]
[Round "2.4"]
[White "Galiana Fernandez, Adrian"]
[Black "Moreno Torralba, David"]
[Result "1/2-1/2"]
[WhiteElo "2259"]
[BlackElo "2100"]
[PlyCount "98"]
[EventDate "2019.11.29"]
[EventType "swiss"]
[EventRounds "10"]
[EventCountry "ESP"]
[SourceTitle "Ajedrez en Madrid"]
[Source "lmi"]
[SourceDate "2019.11.30"]
[SourceVersion "1"]
[SourceVersionDate "2019.12.08"]
[SourceQuality "1"]

1. e4 c5 2. Nf3 e6 3. d4 cxd4 4. Nxd4 a6 5. Bd3 Qc7 6. O-O Nf6 7. Qe2 d6 8. f4
g6 9. f5 Bg7 10. Be3 O-O 11. Nc3 exf5 12. exf5 Nbd7 13. Rf4 g5 14. Rff1 Re8 15.
Kh1 b5 16. Qd2 Ng4 17. Bg1 h6 18. Nd5 Qb7 19. Rae1 Rxe1 20. Rxe1 Ngf6 21. Ne7+
Kh8 22. Qa5 Nc5 23. Qd8+ Kh7 24. Qxd6 Nxd3 25. cxd3 Qd7 26. Nxc8 Rxc8 27. Qxa6
Nd5 28. Qxb5 Qd6 29. Qb7 Rc7 30. Qb8 Nf4 31. Re4 Qd7 32. Qb5 Qd6 33. f6 Qxf6
34. Nf5 Qxb2 35. Qxb2 Bxb2 36. d4 Rc2 37. h4 Ba3 38. g4 Rxa2 39. h5 Ra1 40. Re3
Nd5 41. Rb3 Nf6 42. Rb7 Nxg4 43. Rxf7+ Kg8 44. Rb7 Rf1 45. Ng3 Rf7 46. Rb3 Bf8
47. Kg2 Nf6 48. Rb6 Nd5 49. Rc6 Rf6 1/2-1/2

[Event "Torneo de Benidorm sub 2300 2019"]
[Site "Benidorm ESP"]
[Date "2019.11.30"]
[Round "2.5"]
[White "Santos, Jeovani Amaro Dias"]
[Black "Cano Gimenez, Vicente"]
[Result "1-0"]
[WhiteElo "2098"]
[BlackElo "2256"]
[PlyCount "99"]
[EventDate "2019.11.29"]
[EventType "swiss"]
[EventRounds "10"]
[EventCountry "ESP"]
[SourceTitle "Ajedrez en Madrid"]
[Source "lmi"]
[SourceDate "2019.11.30"]
[SourceVersion "1"]
[SourceVersionDate "2019.12.08"]
[SourceQuality "1"]

1. d4 Nf6 2. c4 c5 3. d5 b5 4. cxb5 a6 5. bxa6 g6 6. Nc3 Bg7 7. g3 d6 8. Bg2
Nbd7 9. Nf3 O-O 10. Rb1 Nb6 11. Nh4 Nfd7 12. O-O Nc4 13. Qc2 Qa5 14. Bh3 Rxa6
15. Bxd7 Bxd7 16. Qe4 Ne5 17. Bd2 f5 18. Qc2 Nc4 19. Be1 Raa8 20. a4 Qa6 21.
Ra1 Nb6 22. Bd2 c4 23. a5 Nc8 24. e4 fxe4 25. Qxe4 Qb7 26. Qxc4 Qxb2 27. Ra2
Qb8 28. Rb1 Qa7 29. a6 Qxf2+ 30. Kh1 Bh3 31. Bf4 Rxf4 32. Qxf4 Qxf4 33. gxf4
Bxc3 34. Rb3 Bd4 35. Rxh3 Rb8 36. Rd3 Bc5 37. Kg2 Rb4 38. Kf3 Kf7 39. Ng2 Nb6
40. Ne3 Na8 41. Nf1 Nc7 42. Nd2 h6 43. Rb3 Rd4 44. Ne4 Rxd5 45. Nxc5 Rxc5 46.
a7 Kf6 47. Rb7 Na8 48. Rb8 Nc7 49. Rc8 Rc3+ 50. Kf2 1-0

[Event "Torneo de Benidorm sub 2300 2019"]
[Site "Benidorm ESP"]
[Date "2019.11.30"]
[Round "2.6"]
[White "Garcia Gimenez, Santiago"]
[Black "Garcia Trobat, Francisco"]
[Result "0-1"]
[WhiteElo "2093"]
[BlackElo "2244"]
[PlyCount "108"]
[EventDate "2019.11.29"]
[EventType "swiss"]
[EventRounds "10"]
[EventCountry "ESP"]
[SourceTitle "Ajedrez en Madrid"]
[Source "lmi"]
[SourceDate "2019.11.30"]
[SourceVersion "1"]
[SourceVersionDate "2019.12.08"]
[SourceQuality "1"]

1. e4 c5 2. Nf3 d6 3. Bb5+ Bd7 4. Bxd7+ Qxd7 5. O-O Nf6 6. Re1 Nc6 7. c3 e6 8.
d4 cxd4 9. cxd4 d5 10. e5 Ne4 11. Nbd2 Nxd2 12. Bxd2 Be7 13. Rc1 O-O 14. Re3
Rfc8 15. Rec3 Bd8 16. a3 Ne7 17. h4 Rxc3 18. bxc3 Rc8 19. Ng5 Nf5 20. g3 h6 21.
Nh3 Be7 22. Qb3 Rc6 23. Qa4 Qc8 24. Qd1 Bxa3 25. Ra1 Bb2 26. Rxa7 Bxc3 27. Bxc3
Rxc3 28. Qa4 Rc1+ 29. Kh2 Rc4 30. Qa5 Qd7 31. Qb6 Rc7 32. Nf4 Ne7 33. Qd6 Qc8
34. Qa3 Qe8 35. Qd6 Rd7 36. Qc5 Nc6 37. Ra1 Qf8 38. Qc3 Qd8 39. Nh5 Qb6 40. Ra4
Qb1 41. Qf3 Qf5 42. Qe2 Qe4 43. Qb2 Kh7 44. Nf4 Nxe5 45. Ra8 Nf3+ 46. Kh3 Nxd4
47. f3 Qxf3 48. Ra1 Nf5 49. Rg1 d4 50. Qb5 Rc7 51. h5 Rc3 52. Qe5 Re3 53. Qc7
Nxg3 54. Qxf7 Nf5+ 0-1

[Event "Torneo de Benidorm sub 2300 2019"]
[Site "Benidorm ESP"]
[Date "2019.11.30"]
[Round "2.7"]
[White "Torres Sanchez, Jose"]
[Black "Cardenas Serrano, Sergio"]
[Result "0-1"]
[WhiteElo "2238"]
[BlackElo "2095"]
[PlyCount "20"]
[EventDate "2019.11.29"]
[EventType "swiss"]
[EventRounds "10"]
[EventCountry "ESP"]
[SourceTitle "Ajedrez en Madrid"]
[Source "lmi"]
[SourceDate "2019.11.30"]
[SourceVersion "1"]
[SourceVersionDate "2019.12.08"]
[SourceQuality "1"]

1. Nf3 Nf6 2. b3 d5 3. Bb2 c5 4. e3 Bg4 5. h3 Bh5 6. Bb5+ Nc6 7. Ne5 Bxd1 8.
Nxc6 bxc6 9. Bxc6+ Nd7 10. Bxd5 Bxc2 0-1

[Event "Torneo de Benidorm sub 2300 2019"]
[Site "Benidorm ESP"]
[Date "2019.11.30"]
[Round "2.8"]
[White "Ayza Leon, David"]
[Black "Bengherabi, Khalil"]
[Result "1/2-1/2"]
[WhiteElo "2231"]
[BlackElo "2084"]
[PlyCount "186"]
[EventDate "2019.11.29"]
[EventType "swiss"]
[EventRounds "10"]
[EventCountry "ESP"]
[SourceTitle "Ajedrez en Madrid"]
[Source "lmi"]
[SourceDate "2019.11.30"]
[SourceVersion "1"]
[SourceVersionDate "2019.12.08"]
[SourceQuality "1"]

1. e4 c5 2. Nf3 d6 3. d4 cxd4 4. Nxd4 Nf6 5. Nc3 g6 6. f3 Bg7 7. Be3 O-O 8. Qd2
Nc6 9. O-O-O d5 10. Nxc6 bxc6 11. e5 Nd7 12. f4 e6 13. Na4 f6 14. Qc3 Qc7 15.
Nc5 Nxc5 16. Bxc5 Rf7 17. Bd6 Qb6 18. g3 fxe5 19. fxe5 c5 20. Qa3 Bh6+ 21. Kb1
Bf8 22. Bxf8 Rxf8 23. h4 Rb8 24. h5 Rf3 25. b3 g5 26. h6 Bd7 27. g4 Rbf8 28.
Bd3 Be8 29. Qc1 R3f4 30. Rdf1 c4 31. Be2 Bg6 32. Rxf4 Rxf4 33. Qa3 cxb3 34.
axb3 Qb4 35. Qxb4 Rxb4 36. Kb2 Kf7 37. Ra1 Rb7 38. Rf1+ Ke7 39. c3 Be4 40. Rf6
Rb8 41. c4 dxc4 42. Bxc4 Rb6 43. Kc3 Bd5 44. Bxd5 exd5 45. Rf5 Rxh6 46. Rxg5
Ke6 47. Kd4 Rh1 48. Rg7 a5 49. Ra7 Rd1+ 50. Ke3 Kxe5 51. Rxh7 Rb1 52. Rh5+ Kd6
53. Kd4 Rd1+ 54. Kc3 Rg1 55. Rg5 Kc5 56. Rg8 Rg3+ 57. Kc2 Kd4 58. g5 Rg2+ 59.
Kc1 Kc3 60. Kd1 d4 61. Ke1 d3 62. Rc8+ Kxb3 63. Rd8 Rxg5 64. Rxd3+ Kc2 65. Rd2+
Kc3 66. Rd8 Rg1+ 67. Ke2 Rg2+ 68. Kd1 Rg1+ 69. Ke2 Rb1 70. Rc8+ Kb3 71. Kd2 a4
72. Rb8+ Ka2 73. Ra8 Rb4 74. Kc2 Rc4+ 75. Kd3 Rb4 76. Kc2 Rh4 77. Rb8 a3 78.
Rb7 Rh2+ 79. Kc1 Rb2 80. Rh7 Rb4 81. Rc7 Rh4 82. Rc8 Kb3 83. Rb8+ Ka2 84. Rc8
Ka1 85. Rc7 Rh1+ 86. Kc2 Ka2 87. Rc8 Rb1 88. Rc7 Rb2+ 89. Kc1 Rb4 90. Kc2 Rb6
91. Rc8 Ka1 92. Kc1 a2 93. Kc2 Rc6+ 1/2-1/2

[Event "Torneo de Benidorm sub 2300 2019"]
[Site "Benidorm ESP"]
[Date "2019.11.30"]
[Round "2.9"]
[White "Julio, Joao Manuel dos San"]
[Black "Garcia Molina, Francisco Miguel"]
[Result "0-1"]
[WhiteElo "2084"]
[BlackElo "2219"]
[PlyCount "62"]
[EventDate "2019.11.29"]
[EventType "swiss"]
[EventRounds "10"]
[EventCountry "ESP"]
[SourceTitle "Ajedrez en Madrid"]
[Source "lmi"]
[SourceDate "2019.11.30"]
[SourceVersion "1"]
[SourceVersionDate "2019.12.08"]
[SourceQuality "1"]

1. e4 c5 2. Nf3 d6 3. d4 cxd4 4. Nxd4 Nf6 5. Nc3 a6 6. Be3 e5 7. Nf3 Be6 8. Ng5
Nc6 9. Be2 Be7 10. Nxe6 fxe6 11. Bc4 Qd7 12. a4 O-O 13. O-O Rac8 14. Bb6 Bd8
15. Be3 Ba5 16. Ba2 Bxc3 17. bxc3 Nxe4 18. Qg4 d5 19. c4 Nf6 20. Qh3 Nb4 21.
cxd5 Nxa2 22. Rxa2 exd5 23. Qg3 d4 24. Bg5 Qf5 25. Bxf6 Rxf6 26. Re1 e4 27. h3
Rcf8 28. Rb2 Rg6 29. Qh4 Qf3 30. g4 e3 31. fxe3 Rh6 0-1

[Event "Torneo de Benidorm sub 2300 2019"]
[Site "Benidorm ESP"]
[Date "2019.11.30"]
[Round "2.10"]
[White "Plass, Mariana-Camelia"]
[Black "Barbera Estelles, Rosendo"]
[Result "1/2-1/2"]
[WhiteElo "2044"]
[BlackElo "2212"]
[PlyCount "127"]
[EventDate "2019.11.29"]
[EventType "swiss"]
[EventRounds "10"]
[EventCountry "ESP"]
[SourceTitle "Ajedrez en Madrid"]
[Source "lmi"]
[SourceDate "2019.11.30"]
[SourceVersion "1"]
[SourceVersionDate "2019.12.08"]
[SourceQuality "1"]

1. d4 d5 2. c4 Nc6 3. Nf3 Bg4 4. cxd5 Bxf3 5. dxc6 Bxc6 6. Nc3 Nf6 7. f3 e5 8.
dxe5 Nd7 9. Bf4 Bc5 10. e4 Qe7 11. Nd5 Bxd5 12. Qxd5 c6 13. Qb3 Bb4+ 14. Ke2
O-O-O 15. g3 Bc5 16. Bh3 g5 17. Bd2 Rhe8 18. Bc3 Kb8 19. Bxd7 Qxd7 20. Qc4 Bf8
21. e6 Rxe6 22. Rhd1 Qe8 23. Rxd8+ Qxd8 24. Rd1 Qe8 25. Qd4 Be7 26. g4 f6 27.
Qc4 Bd6 28. h3 Kc7 29. b4 Be5 30. Be1 Rd6 31. Rxd6 Bxd6 32. Qd4 Qe7 33. Qxa7
Bxb4 34. Bg3+ Bd6 35. Bf2 Qe5 36. Bb6+ Kc8 37. Qa8+ Bb8 38. Qa5 Qxa5 39. Bxa5
b5 40. Kd3 Be5 41. Bb6 Kd7 42. Bc5 Bd6 43. Bf2 c5 44. h4 h6 45. h5 Kc6 46. Kc3
Be5+ 47. Kb3 Bd4 48. Bg3 c4+ 49. Kb4 Bc5+ 50. Kc3 Bd6 51. Be1 Kb6 52. a4 Be5+
53. Kb4 bxa4 54. Kxc4 a3 55. Kb3 Bd6 56. Bc3 Be7 57. e5 fxe5 58. Bxe5 Bf8 59.
f4 gxf4 60. Bxf4 Kc6 61. g5 hxg5 62. Bxg5 Kd5 63. Bf4 Kc6 64. Kc4 1/2-1/2

[Event "Torneo de Benidorm sub 2300 2019"]
[Site "Benidorm ESP"]
[Date "2019.11.30"]
[Round "2.11"]
[White "Aledo Yanguas, Javier"]
[Black "Galvan, Jesus"]
[Result "1-0"]
[WhiteElo "2023"]
[BlackElo "2198"]
[PlyCount "115"]
[EventDate "2019.11.29"]
[EventType "swiss"]
[EventRounds "10"]
[EventCountry "ESP"]
[SourceTitle "Ajedrez en Madrid"]
[Source "lmi"]
[SourceDate "2019.11.30"]
[SourceVersion "1"]
[SourceVersionDate "2019.12.08"]
[SourceQuality "1"]

1. e4 c5 2. c3 Nf6 3. e5 Nd5 4. d4 cxd4 5. cxd4 d6 6. f4 Nc6 7. Nc3 dxe5 8.
fxe5 Bf5 9. a3 e6 10. Nf3 Be7 11. Bd3 Bh4+ 12. g3 Bxd3 13. Qxd3 Be7 14. O-O O-O
15. Qe4 Nxc3 16. bxc3 Rc8 17. Qg4 Kh8 18. Ng5 Qe8 19. Qh5 Bxg5 20. Bxg5 f5 21.
Qh3 Ne7 22. Bxe7 Qxe7 23. Rf3 Rc4 24. Raf1 Qxa3 25. g4 g6 26. gxf5 Rxf5 27.
Rxf5 gxf5 28. Qh4 Qf8 29. Rf3 Rc7 30. Kf2 b5 31. Rg3 Qe7 32. Qh6 Qf7 33. d5
exd5 34. e6 Qe7 35. Qf4 Qc5+ 36. Kg2 d4 37. Qxd4+ Qxd4 38. cxd4 Rc2+ 39. Kf1 f4
40. Rg4 b4 41. e7 Rc8 42. Rxf4 Kg7 43. d5 b3 44. d6 b2 45. Rb4 Kf7 46. Rxb2 Ke6
47. Rd2 Kd7 48. Kf2 a5 49. Ke3 a4 50. Ke4 a3 51. Ke5 Ra8 52. Ra2 Ra4 53. h3 Ra6
54. Kf6 Ra4 55. Re2 Ra8 56. Kf7 Re8 57. Ra2 Ra8 58. Rxa3 1-0

[Event "Torneo de Benidorm sub 2300 2019"]
[Site "Benidorm ESP"]
[Date "2019.11.30"]
[Round "2.13"]
[White "Skutta, Bernd"]
[Black "Levay, Sorin"]
[Result "0-1"]
[WhiteElo "2010"]
[BlackElo "2170"]
[PlyCount "94"]
[EventDate "2019.11.29"]
[EventType "swiss"]
[EventRounds "10"]
[EventCountry "ESP"]
[SourceTitle "Ajedrez en Madrid"]
[Source "lmi"]
[SourceDate "2019.11.30"]
[SourceVersion "1"]
[SourceVersionDate "2019.12.08"]
[SourceQuality "1"]

1. d4 c5 2. d5 e5 3. c4 d6 4. e4 Be7 5. Bd3 a6 6. Nc3 Bg5 7. Nge2 Bxc1 8. Qxc1
Ne7 9. Ng3 Ng6 10. O-O Nf4 11. Qe3 h5 12. Kh1 Qf6 13. Nge2 h4 14. Nxf4 exf4 15.
e5 dxe5 16. Qxc5 Nd7 17. Qc7 f3 18. g4 hxg3 19. fxg3 Qh6 20. h4 Qe3 21. Be4 f2
22. Kg2 g5 23. h5 g4 24. Rxf2 Rxh5 25. Re2 Qh6 26. Kf2 Kf8 27. Rf1 Kg7 28. Ke1
Nf6 29. Kd1 Bd7 30. Ref2 Rc8 31. Qd6 Nxe4 32. Rxf7+ Kg8 33. Nxe4 Qxd6 34. Nxd6
Rc7 35. Ne8 Ba4+ 36. b3 Rxf7 37. Rxf7 Kxf7 38. Nd6+ Ke7 39. Nxb7 Be8 40. d6+
Ke6 41. c5 Kd5 42. b4 Ba4+ 43. Kd2 Kd4 44. Ke2 Rh2+ 45. Kf1 Rxa2 46. Na5 Bb5+
47. Kg1 Rxa5 0-1

[Event "Torneo de Benidorm sub 2300 2019"]
[Site "Benidorm ESP"]
[Date "2019.11.30"]
[Round "2.14"]
[White "Lacrosse, Marc"]
[Black "Lopez Orois, Jose Manuel"]
[Result "1-0"]
[WhiteElo "2162"]
[BlackElo "2021"]
[PlyCount "127"]
[EventDate "2019.11.29"]
[EventType "swiss"]
[EventRounds "10"]
[EventCountry "ESP"]
[SourceTitle "Ajedrez en Madrid"]
[Source "lmi"]
[SourceDate "2019.11.30"]
[SourceVersion "1"]
[SourceVersionDate "2019.12.08"]
[SourceQuality "1"]

1. d4 e6 2. c4 Nf6 3. Nf3 d5 4. Nc3 Be7 5. Bg5 Nbd7 6. cxd5 exd5 7. e3 O-O 8.
Bd3 c6 9. Qc2 h6 10. Bh4 Nh5 11. Bxe7 Qxe7 12. O-O Nhf6 13. Rab1 b6 14. b4 Bb7
15. Rfc1 Rfe8 16. Bf5 g6 17. Bh3 Kg7 18. a4 Rab8 19. a5 bxa5 20. bxa5 Ba6 21.
Na4 Bb5 22. Bxd7 Nxd7 23. Nc5 Nxc5 24. Qxc5 f6 25. Qxe7+ Rxe7 26. Rxc6 Reb7 27.
Rc5 Be8 28. Rxb7+ Rxb7 29. h3 Bf7 30. Kh2 Kf8 31. Kg3 Ke7 32. Ne1 Be6 33. Nd3
Kd6 34. Rc3 Rb5 35. Nc5 Bc8 36. Ra3 Rb4 37. Kf3 Rb5 38. Ra2 Bf5 39. Ke2 Bb1 40.
Ra1 Rb2+ 41. Ke1 Bc2 42. h4 Rb1+ 43. Rxb1 Bxb1 44. Kd2 Kc6 45. Kc3 Kb5 46. Nd7
Bf5 47. Nxf6 Be6 48. f3 Kxa5 49. e4 Kb5 50. exd5 Bf7 51. d6 Kc6 52. d7 Kc7 53.
d5 Kd8 54. Kb4 g5 55. h5 Bxh5 56. Nxh5 Kxd7 57. Kc5 a5 58. Nf6+ Kc7 59. d6+ Kb7
60. Nd5 Kc8 61. Nb6+ Kb7 62. d7 Kc7 63. Kb5 a4 64. Kxa4 1-0

[Event "Torneo de Benidorm sub 2300 2019"]
[Site "Benidorm ESP"]
[Date "2019.11.30"]
[Round "2.15"]
[White "Verbruggen, Samuel"]
[Black "Doroshenko, Diana"]
[Result "1/2-1/2"]
[WhiteElo "1941"]
[BlackElo "2159"]
[PlyCount "50"]
[EventDate "2019.11.29"]
[EventType "swiss"]
[EventRounds "10"]
[EventCountry "ESP"]
[SourceTitle "Ajedrez en Madrid"]
[Source "lmi"]
[SourceDate "2019.11.30"]
[SourceVersion "1"]
[SourceVersionDate "2019.12.08"]
[SourceQuality "1"]

1. e4 c6 2. d4 d5 3. exd5 cxd5 4. Bd3 Nc6 5. c3 Qc7 6. Ne2 g6 7. Bf4 Qd8 8. Nd2
Bg7 9. Nf3 Nf6 10. h3 Bd7 11. Ne5 Be6 12. O-O O-O 13. Re1 Nd7 14. Ng3 Re8 15.
Qd2 Rc8 16. h4 Nf8 17. h5 Nxe5 18. dxe5 Qc7 19. Qe3 Nd7 20. hxg6 hxg6 21. Rad1
Qa5 22. Bb1 Qb6 23. Qd2 Qc7 24. Qe3 Qb6 25. Qd2 Qc7 1/2-1/2

[Event "Torneo de Benidorm sub 2300 2019"]
[Site "Benidorm ESP"]
[Date "2019.11.30"]
[Round "2.16"]
[White "Ribera Veganzones, Serni"]
[Black "Gomez Sanjuan, Hector Fernando"]
[Result "0-1"]
[WhiteElo "1892"]
[BlackElo "2145"]
[PlyCount "88"]
[EventDate "2019.11.29"]
[EventType "swiss"]
[EventRounds "10"]
[EventCountry "ESP"]
[SourceTitle "Ajedrez en Madrid"]
[Source "lmi"]
[SourceDate "2019.11.30"]
[SourceVersion "1"]
[SourceVersionDate "2019.12.08"]
[SourceQuality "1"]

1. e4 e6 2. d4 d5 3. Nd2 c5 4. exd5 Qxd5 5. dxc5 Qxc5 6. Ngf3 Nf6 7. Bd3 Bd7 8.
Qe2 Nc6 9. Nb3 Qd6 10. Be3 Qc7 11. O-O Bd6 12. Nbd4 Nxd4 13. Bxd4 Bc6 14. h3
Nd5 15. Bb5 Nf4 16. Qc4 Rc8 17. c3 O-O 18. Bxc6 bxc6 19. Rfe1 Ng6 20. Bc5 Rfd8
21. Bxd6 Rxd6 22. Nd4 Qd7 23. Nb3 e5 24. Nc5 Qf5 25. Ne4 Rd5 26. Ng3 Qd7 27.
Qb3 Rd8 28. Nf1 Nf4 29. Ne3 Rb5 30. Qc2 Nd3 31. Rad1 e4 32. Re2 f5 33. a4 Re5
34. Red2 h5 35. b4 f4 36. Nc4 Rg5 37. h4 Rd5 38. Nb2 f3 39. gxf3 exf3 40. Rxd3
Qh3 41. Rxf3 Qxf3 42. Rxd5 Rxd5 43. Qg6 Rd2 44. Qe8+ Kh7 0-1

[Event "Torneo de Benidorm sub 2300 2019"]
[Site "Benidorm ESP"]
[Date "2019.11.30"]
[Round "2.17"]
[White "Pascoal, Eduardo A"]
[Black "Gonzalez Lema, Carlos"]
[Result "1-0"]
[WhiteElo "2143"]
[BlackElo "2011"]
[PlyCount "95"]
[EventDate "2019.11.29"]
[EventType "swiss"]
[EventRounds "10"]
[EventCountry "ESP"]
[SourceTitle "Ajedrez en Madrid"]
[Source "lmi"]
[SourceDate "2019.11.30"]
[SourceVersion "1"]
[SourceVersionDate "2019.12.08"]
[SourceQuality "1"]

1. d4 d5 2. Bf4 Nf6 3. e3 e6 4. Nd2 Bd6 5. Bg3 O-O 6. Bd3 c5 7. c3 b6 8. e4
dxe4 9. Nxe4 Bb7 10. Bxd6 Nxe4 11. Bxf8 Qg5 12. Nf3 Qxg2 13. Rf1 Kxf8 14. d5
Ng5 15. Nxg5 Qxg5 16. dxe6 Nc6 17. Qd2 Qe5+ 18. Qe2 Qxe2+ 19. Bxe2 Re8 20. exf7
Kxf7 21. Kd2 Ne5 22. f4 Rd8+ 23. Ke3 Nd7 24. Bf3 Ba6 25. Rfd1 Re8+ 26. Kf2 Nf6
27. Re1 Rc8 28. Rad1 Bc4 29. b3 Be6 30. Rd6 Bf5 31. Re5 g6 32. c4 Ng4+ 33. Bxg4
Bxg4 34. Kg3 Bf5 35. Kh4 Rg8 36. Kg3 Rc8 37. h4 Rb8 38. Kf2 Re8 39. h5 Re7 40.
hxg6+ hxg6 41. Rxe7+ Kxe7 42. Rd2 a6 43. Kg3 Be6 44. Kh4 b5 45. Kg5 bxc4 46.
bxc4 Kf7 47. a3 Kf8 48. Kf6 1-0

[Event "Torneo de Benidorm sub 2300 2019"]
[Site "Benidorm ESP"]
[Date "2019.11.30"]
[Round "2.18"]
[White "Hristodorescu, Daniel"]
[Black "Gonzalez Cobos, Arnau"]
[Result "1-0"]
[WhiteElo "2131"]
[BlackElo "1876"]
[PlyCount "61"]
[EventDate "2019.11.29"]
[EventType "swiss"]
[EventRounds "10"]
[EventCountry "ESP"]
[SourceTitle "Ajedrez en Madrid"]
[Source "lmi"]
[SourceDate "2019.11.30"]
[SourceVersion "1"]
[SourceVersionDate "2019.12.08"]
[SourceQuality "1"]

1. e4 c5 2. Nf3 e6 3. c3 Nf6 4. Bd3 d6 5. O-O Nc6 6. Re1 Be7 7. a3 O-O 8. b4 b6
9. Bc2 Qc7 10. d4 Ba6 11. d5 Ne5 12. dxe6 Nxf3+ 13. Qxf3 fxe6 14. Qh3 Bc4 15.
Nd2 cxb4 16. cxb4 Kh8 17. Bb2 Be2 18. Qb3 Rac8 19. Rac1 Bc4 20. Qh3 Qd7 21. e5
dxe5 22. Nf3 Bd6 23. Rcd1 Bd5 24. Bxh7 Nxh7 25. Ng5 g6 26. Rxd5 Qe7 27. Nxe6
Rf6 28. Nc5 Rcf8 29. Ne4 Qf7 30. Nxf6 Qxf6 31. f3 1-0

[Event "Torneo de Benidorm sub 2300 2019"]
[Site "Benidorm ESP"]
[Date "2019.11.30"]
[Round "2.19"]
[White "Moreno Carrascosa, Bartolome"]
[Black "Garraza Obaldia, Esteban"]
[Result "0-1"]
[WhiteElo "2129"]
[BlackElo "1812"]
[PlyCount "89"]
[EventDate "2019.11.29"]
[EventType "swiss"]
[EventRounds "10"]
[EventCountry "ESP"]
[SourceTitle "Ajedrez en Madrid"]
[Source "lmi"]
[SourceDate "2019.11.30"]
[SourceVersion "1"]
[SourceVersionDate "2019.12.08"]
[SourceQuality "1"]

1. c4 Nf6 2. g3 g6 3. Bg2 Bg7 4. Nc3 O-O 5. e3 d6 6. Nge2 e5 7. O-O Nc6 8. d4
a5 9. b3 Nd7 10. Bb2 f5 11. f4 e4 12. a3 Nb6 13. d5 Nb8 14. Qc2 Bd7 15. Nd1 Na6
16. Bxg7 Kxg7 17. Nb2 Qf6 18. Nd4 c5 19. dxc6 bxc6 20. Rfd1 c5 21. Nb5 Bxb5 22.
cxb5 Nc7 23. Nc4 Ncd5 24. Rxd5 Nxd5 25. Rd1 Qc3 26. Qe2 Nf6 27. Rxd6 Qxb3 28.
b6 Rad8 29. b7 Qxb7 30. Rb6 Qd7 31. Qb2 Qd1+ 32. Bf1 Rd7 33. Kf2 Qf3+ 34. Kg1
Rd1 35. Qf2 Qxf2+ 36. Kxf2 Ra1 37. h3 Rd8 38. Be2 Ra2 39. Ke1 Ra1+ 40. Kf2 Ra2
41. Ke1 Nd5 42. Rb7+ Kf6 43. Bd1 Ra1 44. Ne5 Nc3 45. Rb6+ 0-1

[Event "Torneo de Benidorm sub 2300 2019"]
[Site "Benidorm ESP"]
[Date "2019.11.30"]
[Round "2.20"]
[White "Sawant, Akshay"]
[Black "Gromovs, Sergejs"]
[Result "1-0"]
[WhiteElo "1793"]
[BlackElo "2128"]
[PlyCount "55"]
[EventDate "2019.11.29"]
[EventType "swiss"]
[EventRounds "10"]
[EventCountry "ESP"]
[SourceTitle "Ajedrez en Madrid"]
[Source "lmi"]
[SourceDate "2019.11.30"]
[SourceVersion "1"]
[SourceVersionDate "2019.12.08"]
[SourceQuality "1"]

1. e4 c5 2. Nc3 Nc6 3. f4 e6 4. Nf3 a6 5. d3 d5 6. g3 d4 7. Ne2 Nf6 8. h3 Be7
9. Bg2 O-O 10. O-O Rb8 11. g4 b5 12. f5 exf5 13. gxf5 Bd6 14. a3 Qc7 15. Qe1
Ne5 16. Nxe5 Bxe5 17. Bf4 Re8 18. Qh4 Rb6 19. Rf3 c4 20. Rg3 Nd7 21. Rf1 cxd3
22. cxd3 Qc2 23. Bxe5 Nxe5 24. Nf4 Kh8 25. Nd5 Rh6 26. Qg5 Rg8 27. Ne7 f6 28.
Qxh6 1-0

[Event "Torneo de Benidorm sub 2300 2019"]
[Site "Benidorm ESP"]
[Date "2019.11.30"]
[Round "2.21"]
[White "Saber, Yasser"]
[Black "Hausken, Andreas Skrede"]
[Result "1-0"]
[WhiteElo "2118"]
[BlackElo "1733"]
[PlyCount "51"]
[EventDate "2019.11.29"]
[EventType "swiss"]
[EventRounds "10"]
[EventCountry "ESP"]
[SourceTitle "Ajedrez en Madrid"]
[Source "lmi"]
[SourceDate "2019.11.30"]
[SourceVersion "1"]
[SourceVersionDate "2019.12.08"]
[SourceQuality "1"]

1. d4 Nf6 2. c4 e6 3. Nc3 Bb4 4. e3 c5 5. Nge2 b6 6. a3 Ba5 7. Rb1 Na6 8. g3
Bb7 9. d5 b5 10. Bg2 O-O 11. O-O bxc4 12. e4 d6 13. Qa4 exd5 14. exd5 Re8 15.
Rd1 Nb8 16. Bg5 Nbd7 17. Qxc4 h6 18. Be3 Ne5 19. Qa4 Bb6 20. h3 Qd7 21. b3 Qf5
22. g4 Qd7 23. Qxd7 Nfxd7 24. Nb5 Ba6 25. Nec3 c4 26. Bxb6 1-0

[Event "Torneo de Benidorm sub 2300 2019"]
[Site "Benidorm ESP"]
[Date "2019.11.30"]
[Round "2.22"]
[White "Espinosa Aparicio, Enrique"]
[Black "Sabater Sanchez, Asensio"]
[Result "0-1"]
[WhiteElo "1137"]
[BlackElo "2115"]
[PlyCount "54"]
[EventDate "2019.11.29"]
[EventType "swiss"]
[EventRounds "10"]
[EventCountry "ESP"]
[SourceTitle "Ajedrez en Madrid"]
[Source "lmi"]
[SourceDate "2019.11.30"]
[SourceVersion "1"]
[SourceVersionDate "2019.12.08"]
[SourceQuality "1"]

1. d4 Nf6 2. c4 e6 3. Nf3 d5 4. e3 c5 5. b3 Nc6 6. Bb2 cxd4 7. exd4 Be7 8. Be2
dxc4 9. bxc4 O-O 10. O-O b6 11. Nc3 Ba6 12. Rc1 Rc8 13. c5 Bxe2 14. Qxe2 Nxd4
15. Nxd4 Qxd4 16. Nb5 Qa4 17. Nc3 Qc6 18. Nb5 Qb7 19. Bxf6 gxf6 20. Nd6 Bxd6
21. cxd6 Rfd8 22. Qg4+ Kf8 23. Qf4 Rxc1 24. Rxc1 Qd5 25. Qxf6 Qxd6 26. Qh8+ Ke7
27. Qxh7 Qd1+ 0-1